000 00426nam a2200181 a 4500
001 1761222013638
003 ACL
005 20251023175237.0
008 251023s2006##################000#0#eng##
020 _a9788181285072
082 0 4 _a658.75
_bGEU
100 1 _aGeunes, Joseph,
_eauthor.
245 1 0 _aSupply Chain Optimization :
260 _c2006.
300 _a413 pages
942 _cENGLISH
040 _aACL
_beng
_cACL
999 _c593192
_d593192